Property snapshot (Record no. 110836)

MARC details
000 -LEADER
fixed length control field 01597cad a22002415a 4500
001 - CONTROL NUMBER
control field L150341
008 - FIXED-LENGTH DATA ELEMENTS--GENERAL INFORMATION
fixed length control field 100701s2010 xxkd f s 000 0 eng d
035 ## - SYSTEM CONTROL NUMBER
System control number (Sirsi) u150341
041 0# - LANGUAGE CODE
Language code of text/sound track or separate title eng
050 04 - LIBRARY OF CONGRESS CALL NUMBER
Classification number 333.33 $2 18
110 2# - MAIN ENTRY--CORPORATE NAME
Corporate name or jurisdiction name as entry element Colliers International
9 (RLIN) 5548
245 00 - TITLE STATEMENT
Title Property snapshot
Remainder of title June 2010
Medium [electronic resource]
260 ## - PUBLICATION, DISTRIBUTION, ETC.
Place of publication, distribution, etc. London
Name of publisher, distributor, etc. Colliers
Date of publication, distribution, etc. 2010
490 #0 - SERIES STATEMENT
Series statement United Kingdom Property Snapshot
Volume/sequential designation June 2010
520 ## - SUMMARY, ETC.
Summary, etc. Business survey and official data continue to suggest economic weakness. Investment market reflects strong competition between UK institutions, property companies and funds with pricing remaining firm. Retail occupier market performance is still split between London and the regions with trading remaing difficult for the rest of 2010. City Grade A office space supply goes on contracting with expectations of further substantial rental growth whereas regional leasing shows some life. The logistics and industrial sector is still weak despite improved manufacturing figures. Continued residential market growth is offset by downside risks but foreign money still supports the top of the market.
590 ## - LOCAL NOTE (RLIN)
Local note KA
650 24 - SUBJECT ADDED ENTRY--TOPICAL TERM
Topical term or geographic name entry element COLLIERS PROPERTY SNAPSHOT
651 #4 - SUBJECT ADDED ENTRY--GEOGRAPHIC NAME
Geographic name United Kingdom
Chronological subdivision
690 ## - LOCAL SUBJECT ADDED ENTRY--TOPICAL TERM (OCLC, RLIN)
Topical term or geographic name as entry element PROPERTY-COMMERCIAL PROPERTY-COMMERCIAL PROPERTY MARKET
690 ## - LOCAL SUBJECT ADDED ENTRY--TOPICAL TERM (OCLC, RLIN)
Topical term or geographic name as entry element PROPERTY-COMMERCIAL PROPERTY-COMMERCIAL PROPERTY FINANCE AND INVESTMENT
856 40 - ELECTRONIC LOCATION AND ACCESS
Uniform Resource Identifier <a href="https://www.colliers.com/Markets/UK/content/MarketReports/MarketOverviewReports/Property_Snapshot_Jun_10.pdf">https://www.colliers.com/Markets/UK/content/MarketReports/MarketOverviewReports/Property_Snapshot_Jun_10.pdf</a>
Public note View this report free of charge (PDF file) at www.colliers.com
942 ## - ADDED ENTRY ELEMENTS (KOHA)
Suppress in OPAC 0
Holdings
Withdrawn status Lost status Source of classification or shelving scheme Damaged status Not for loan Home library Current library Shelving location Date acquired Total Checkouts Full call number Barcode Date last seen Copy number Price effective from Koha item type
    Dewey Decimal Classification     Virtual Virtual Online 01/07/2010   ONLINE PUBLICATION 150341-2001 06/08/2019 1 06/08/2019 Book